000 00535cam a2200193 4500
001 ##L134107
008 060710n1924 000 0 eng u
035 _a(Sirsi) u134107
041 0 _aeng
050 0 4 _a333.332 $2 18
100 1 _aSmith, Sydney A.
245 0 4 _aThe valuation of land and houses
_b(Curtis's)
250 _a6th ed.
260 _aLondon
_bEstates Gazette
_c1924
300 _a403p.
_c22cm.
490 0 _aCollege of Estate Management Series
690 _aPROPERTY-PROPERTY VALUATION AND APPRAISAL
942 _n0
999 _c105545
_d105545